1746 1533 1535 1530 1787 1611 1993 1966 1385 1317 1582 1198 1059 1058 1892 1291 1271 1877 1213 1971 1139 1592 1481 1526 1771 1522 1261 1838 1777 1464 1150 1304 1580 1228 1588 1794 1780 1859 1943 1126 1227 1065 1368 1809 1799 1812 1029 1370 1298 1403 1797 1614 1581 1838 1858 1236 1612 1572 1204 1125 1654 1953 1053 1292 1922 1238 1891 1295 1324 1996 1096 1265 1533 1689 1218 1740 1752 1556 1014 1157 1543 1654 1246 1907 1081 1752 1133 1887 1854 1403 1390 1945 1835 1948 1349 1786 1500 1327 1389 BCNSPRNW ULIB Ver.6.0+V

เปลี่ยนเป็นภาษาไทย

Change to English
 แสดงรายละเอียดบรรณานุกรม
  กลับหน้าหลัก

Brief Record : Get Marc (ISO 2709) : E-mail record : QR code < ปิดหน้าต่าง
LEADER : 00000nam 2200000uu 4500
001    13399122697
003     ULIB
008    130718s2555||||th 000 0 tha d
020    9786162590191
050 04 ^aBQ5578^bพ996ส
100 1  ^aพระไพศาล วิสาโล
245 10 ^aสวดก่อนตายดีกว่านอนตายฟังสวด /^cพระไพศาล วิสาโล
260    ^aกรุงเทพฯ :^bบ้านสยาม,^c2555
300    ^a60 หน้า
650  7 ^aสวดมนต์
650  7 ^aหนังสือสวดมนต์
945    ^p59^l0^i20139
949    ^aทศพร
999    ^aทศพร เกษรทอง
รายการนี้ยังไม่มีแท็ก
คุณยังไม่ได้ล็อกอิน คุณสามารถมีกิจกรรมร่วมกับเว็บไซต์ได้ แต่ต้องล็อกอินก่อน ::
  ล็อกอิน

รายการสื่อสารสนเทศ

ลำดับที่ ประเภท เลขเรียก/บาร์โค้ด สถานที่ สถานะ
1. การศึกษาทั่วไป
การศึกษาทั่วไป
BQ5578 พ996ส ฉ.1 
  Barcode: 20139
ห้องสมุดวิทยาเขตนครสวรรค์
►หนังสือทั่วไป:l:General Books
บนชั้น

รายการใกล้เคียง
    ผู้แต่ง [พระไพศาล วิสาโล]

    หัวเรื่อง [สวดมนต์]
    หัวเรื่อง [หนังสือสวดมนต์]

BibComment


ยังไม่เคยถูกคอมเมนท์

คอมเมนท์ทรัพยากรรายการนี้
  คอมเมนท์: สวดก่อนตายดีกว่า..


 Copyright 2026. Bcnsprnw @Library